Normal view
MARC view
Entry Topical Term
001 - CONTROL NUMBER
- control field: 8816
003 - CONTROL NUMBER IDENTIFIER
- control field: ARRUPE
005 - DATE AND TIME OF LATEST TRANSACTION
- control field: 20140220134345.0
008 - FIXED-LENGTH DATA ELEMENTS
- fixed length control field: 140220|| aca||aabn | a|a d
040 ## - CATALOGING SOURCE
- Original cataloging agency: ARRUPE
- Transcribing agency: ARRUPE
150 ## - HEADING--TOPICAL TERM
- Topical term or geographic name as entry element: Manosticism and religious orders
- General subdivision: Monasteries
- General subdivision: Church and state
- Geographic subdivision: England
- Geographic subdivision: Great britain
670 ## - SOURCE DATA FOUND
- Source citation: Work cat.: (ARRUPE): Baskerville, Geoffrey 8815, English Monks and the Suppression of the Monasteries, 1967